MARC

LEADER 00000nam0a2200000 4500
001 187458
005 20250214113413.0
035 |a (RuTPU)RU\TPU\book\203414 
090 |a 187458 
100 |a 20101116d1961 k y0rusy50 ca 
101 0 |a rus 
102 |a RU 
105 |a a z 101zy 
200 1 |a Состояние и перспективы развития геофизических методов поисков и разведки полезных ископаемых  |e материалы научно-технической геофизической конференции, 6-10 октября 1959 г., г. Москва  |f Научно-техническое горное общество ; под ред. В. В. Федынского 
210 |a Москва  |c Гостоптехиздат  |d 1961 
215 |a 624 с.  |c ил. 
320 |a Библиогр. в примеч. 
610 1 |a полезные ископаемые 
610 1 |a поиски 
610 1 |a разведка 
610 1 |a геофизические методы 
610 1 |a состояние 
610 1 |a перспективы 
610 1 |a конференции 
610 1 |a геофизика 
610 1 |a сейсморазведка 
610 1 |a электроразведка 
610 1 |a геофизические исследования 
610 1 |a геологоразведочные работы 
610 1 |a земная кора 
610 1 |a строение 
610 1 |a районирование 
610 1 |a рудные месторождения 
675 |a 550.83  |v 3 
702 1 |a Федынский  |b В. В.  |4 340 
712 0 2 |a Научно-техническое горное общество  |c Москва  |c 1955-  |7 ca  |8 rus  |2 stltpush  |3 (RuTPU)RU\TPU\col\11550  |9 25172 
712 1 2 |a Состояние и перспективы развития геофизических методов поисков и разведки полезных ископаемых  |c конференция  |e Москва  |f 1959 
801 1 |a RU  |b 63413507  |c 20101116 
801 2 |a RU  |b 63413507  |c 20190405  |g RCR 
942 |c BK